000 00331nam a2200145Ia 4500
008 230312s9999||||xx |||||||||||||| ||und||
020 _a9780681045897
082 _a721.042
_bMAG-T
100 _aMaggi
245 4 _aThe quilters resource book
260 _bUK
_aUK
_c2004
300 _a448
650 _aArchitecture
942 _cBK
999 _c15075
_d15075